000 00672nam a22002177a 4500
999 _c10696
_d10696
003 AR-CdUCM
008 190401b ||||| |||| 00| 0 spa d
040 _aMUNICIPALIDAD PROVINCIAL DEL CUSCO
_cBIBLIOTECA MUNICIPAL DEL CUSCO
082 _a869.56 /
_bB25C / 1935
100 _aBarrantes Castro, Pedro
_927680
245 _aCumbrera del mundo :
_brelato cholo /
260 _aLima :
_bEdiciones Perú Actual,
_c1935.
300 _a197 páginas ;
_c18 cm.
505 _aContenido: Relato.
650 _aNovelas peruanas
_9545
650 _aSiglo XX
_98
650 _aRelato
_9294
700 _aPalma, Clemente (prólogo)
_917897
942 _2ddc
_cLIBROS
945 _aachl